=LDR 00000nam 2200000 4500 =001 INLIS000000000053171 =005 20180423091932 =035 ##$$a 0010-0418000062 =007 ta =008 180423###########################0###### =020 ##$$a 979-780-641-3 =082 ##$$a 899.223 =084 ##$$a 899.223 JIK j =100 #$$a jika =245 1#$$a Jika dan Hanya Jika /$c jika =250 ##$$a Cet. 1 =260 ##$$a Jakarta :$b Gagas Media,$c 2013 =300 ##$$a 224 hlm : $b ilus ; $c 20 cm =650 ##$$a Kumpulan Cerita =700 #$$a Alanda Karizza... [ et. all ] =990 ##$$a 71427142 =990 ##$$a 51800047